[Event "Wilkerson TNM: 2000+"]
[Site "San Francisco"]
[Date "2020.01.21"]
[Round "3.1"]
[White "Stearman, Josiah Paul"]
[Black "Yan, Ruiyang"]
[Result "1-0"]
[WhiteElo "2445"]
[BlackElo "2221"]
[Annotator "Winslow,Elliott"]
[PlyCount "95"]
[EventDate "2020.01.07"]

1. e4 c5 2. Nc3 d6 3. Bb5+ {Pretty rare with the knight on c3 instead of 2.Nf3.
..} Bd7 4. Bxd7+ (4. a4 $5) 4... Qxd7 5. d4 (5. f4 {backs into some sort of
Grand Prix attack.}) 5... cxd4 6. Qxd4 Nc6 7. Qd3 e6 (7... g6 {was played a
couple times, keeping the d-pawn more solidly defended.}) 8. Nf3 Nf6 9. Bf4 Be7
10. O-O-O Rd8 11. Qe2 O-O (11... Qc8 $5 12. Nb5 Qb8 {when} 13. e5 {is maybe
less disruptive:} dxe5 14. Nxe5 Nd5 15. Bg3 (15. Rxd5 $2 Rxd5 16. Ng6 Bg5 $3
$19) 15... Qc8 $11) 12. e5 Ne8 13. h4 {At least White went and traded off his
light-squared bishop, or Black would be in serious trouble.} f6 $6 {An
over-reaction.} (13... Qc8 {or}) (13... a6) 14. Rhe1 $5 fxe5 15. Bxe5 Nxe5 16.
Nxe5 Qc8 17. Nf3 {Black's "little hanging pawns" will be an ongoing target.}
Nc7 18. Rd3 (18. Ng5 $5 {to induce further pawn weaknesses via 19.Qd3...})
18... Bf6 $6 {The new Stockfish 11 can't make up its mind which pawn move
Black should do, but it's something.} 19. g4 $2 (19. Ne4 $1 Nd5 20. g3) 19...
Qd7 $6 (19... e5 $5) (19... b5 $5) 20. Ne4 Nd5 21. Qd2 Rc8 22. h5 {Odd!} Qa4 (
22... Be7 {to send the knight into f4}) 23. Ra3 Qb5 $2 24. Rb3 (24. Nxf6+ Rxf6
25. Nd4) 24... Qa6 25. Kb1 $18 {[#] Black's queen is unemployed on a6.} Be5 $6
26. Nxe5 $1 dxe5 27. h6 $1 g6 {Danger on g7 is going to be there all game.} 28.
Qg5 (28. Ng5 $5) 28... Qc4 29. c3 $6 (29. Qd2) 29... Qc7 30. Rb5 b6 31. a3 a6
32. Rb3 Rf7 33. Ka2 {This has not been progress.} Rcf8 $2 (33... b5 $1 $11) 34.
c4 $1 Ne7 (34... Qxc4 35. Qxe5 Re7 36. Rd1) 35. Ree3 Nc6 36. c5 bxc5 $6 {[#]} (
36... b5 37. Nd6 Rxf2 38. Rxe5) 37. Nxc5 $2 (37. Rec3 $18 {and take with the
rook} Rf4 38. Rxc5 $1 Rxe4 39. Rxc6 $1 Qxc6 40. Qe7 {and mate.}) 37... Qd6 $1
$11 38. Ne4 Qd5 39. Nc3 Qc4 40. Ne4 Qd5 41. f3 Nd4 (41... a5 {right away:} 42.
Kb1 Qd1+ 43. Ka2 Qd5) 42. Red3 {[#]} Rxf3 $4 (42... a5 $1 {keeps the draw:} 43.
Kb1 $8 a4 44. Rbc3 {and now} Rxf3 45. Rxf3 Qxe4+ (45... Rxf3 46. Rc8+ Kf7 47.
Rc7+ Kg8) 46. Ka1 (46. Rfd3 Ne2 47. Ka2 Nxc3+ 48. Rxc3 Qd5+) 46... Rxf3 $11)
43. Qe7 $1 $18 R8f7 {[#]} 44. Rxf3 $1 Qxb3+ (44... Rxe7 45. Nf6+ Kf8 46. Nxd5+
Nxf3 47. Nxe7) 45. Rxb3 Rxe7 46. Rb8+ Kf7 47. Rh8 {It turns out the h-pawn
itself is a threat.} Nc6 48. g5 1-0

[Event "Wilkerson TNM: 2000+"]
[Site "San Francisco"]
[Date "2020.01.21"]
[Round "3.2"]
[White "Winslow, Elliott Charles"]
[Black "Griffith, Kyron Waykuan"]
[Result "1/2-1/2"]
[WhiteElo "2223"]
[BlackElo "2434"]
[Annotator "Winslow,Elliott"]
[PlyCount "124"]
[EventDate "2020.01.07"]

1. e4 c5 2. Nf3 d6 3. d4 cxd4 4. Nxd4 Nf6 5. Nc3 a6 6. Be3 e6 7. f3 h5 $5 {
Here? I knew this is the big thing in the 6.h3 e5 7.Nde2 line, and 6.Be3 e5 7.
Nb3 Be6 8.f3 h5 is a major line (when 9.Nd5 is the big thing in the big thing
-- obviously not happening here!)} 8. Qd2 Be7 9. O-O-O b5 10. a3 Bb7 11. Kb1
Nbd7 {Black's ounce of prevention is certainly looking worth it - White has
trouble getting anything going. On the other hand, Black is now a bit loathe
to castle.} 12. Bd3 Rc8 13. h3 d5 (13... h4 $5) 14. exd5 Nxd5 15. Nxd5 Bxd5 16.
g4 $6 (16. Ne2 $1 {repositions to c3 or f4, with a rich game still in store.})
16... Ne5 (16... Nc5 $5) 17. Be2 (17. Be4 {is the computer move, but it's hard
to believe.}) 17... Qc7 $1 18. Rhf1 $2 (18. Rhe1) 18... Nc4 (18... hxg4 19.
hxg4 Nc4) 19. Bxc4 (19. Qc1) 19... Qxc4 20. Nb3 a5 ({Perhaps we both had
underestimated} 20... hxg4 21. hxg4 Rh3) 21. Nc1 Qa4 $6 {various other moves
are stronger.} 22. Bd4 Bf6 $2 (22... b4 23. axb4 $1 ({I had in mind} 23. b3 {
but} Qc6 24. a4 Bxf3 $19) 23... Bxb4 (23... axb4 24. Bxg7 $1 (24. b3) 24... Rh7
25. b3 Qc6 26. Bb2 hxg4 27. hxg4 $14) 24. Qf2 {followed by that defensive
formation, b3/Bb2.}) 23. Bxf6 gxf6 24. Ne2 $1 hxg4 $6 (24... b4 25. Nf4 bxa3
26. b3 Qb5 27. Nxd5 {could be similar}) 25. Nc3 $1 Qc4 26. Nxd5 (26. hxg4 $1)
26... Qxd5 27. Qxd5 exd5 28. hxg4 (28. fxg4 $1 {says Stockfish 11} Rxh3 29.
Rxd5 b4 30. Rxa5 Rh2 31. Rc1 bxa3 32. Rxa3) 28... Rh2 29. Rxd5 b4 30. Re1+ Kf8
31. Rc1 bxa3 32. Rxa5 (32. bxa3) 32... axb2 33. Kxb2 Kg7 34. Rf5 Rf2 35. Kb3
Rb8+ 36. Kc4 Rd2 37. Kc3 Rd7 38. Rc5 Ra7 39. Kd4 Ra3 40. c3 Rb6 41. Rf5 Rd6+
42. Rd5 $6 (42. Kc5 $1) 42... Rc6 $6 (42... Rxd5+ 43. Kxd5 f5 44. gxf5 Ra5+ 45.
Kd6 Rxf5 46. c4) 43. f4 $6 {Great, the computer likes every rook move (f5, c5,
h5, b5) better.} Ra2 $1 44. c4 Rg2 $6 (44... Rd2+ 45. Ke4 Re6+ 46. Kf3 (46. Kf5
Ra2) 46... Rh2 {The only progress I'm making is on my clock towards 0:00:00. 
(I had 8 minutes to his 14).}) 45. g5 Kg6 46. gxf6 Kxf6 47. c5 Re2 48. f5 $5 {
It took a while for Stockfish to decide I was still doing quite well.} (48. Rh5
$5) 48... Rc8 $6 (48... Kg5 $5 $16) 49. c6 $1 $18 Rd2+ $6 50. Kc5 Rxd5+ $2 51.
Kxd5 Kxf5 52. c7 Kg4 {[#]} 53. Rg1+ $4 {With about a minute left I short out.}
(53. Rc4+ Kg5 (53... Kf3 54. Ke5 $1 Ke3 55. Kf6 Kd3 56. Rc1 $8) 54. Kd6 f5 55.
Kd7 Rxc7+ 56. Kxc7 (56. Rxc7 f4 57. Kd6 f3 58. Ke5 Kg4 59. Ke4 f2 60. Rf7 Kg3
61. Ke3) 56... f4 57. Kd6 f3 58. Ke5 f2 59. Rf4) 53... Kh4 54. Kd6 f5 55. Rf1
Kg4 56. Kd7 Ra8 57. Rc1 f4 58. c8=Q Rxc8 59. Rxc8 f3 60. Rf8 Kg3 61. Ke6 f2 62.
Ke5 Kg2 1/2-1/2

[Event "Wilkerson TNM: 2000+"]
[Site "San Francisco"]
[Date "2020.01.21"]
[Round "3.3"]
[White "Askin, David Benjamin"]
[Black "Weng, Nicholas"]
[Result "1-0"]
[WhiteElo "2027"]
[BlackElo "1864"]
[Annotator "Winslow,Elliott"]
[PlyCount "77"]
[EventDate "2020.01.07"]

1. c4 Nf6 2. d4 g6 3. Nc3 d5 4. Nf3 Bg7 5. Bg5 Ne4 (5... dxc4 6. e4 c5 7. d5 b5
8. d6 $5 (8. e5 b4 9. exf6 exf6 10. Qe2+ Kf8 11. Be3 bxc3 12. Bxc5+ Kg8 13.
bxc3 Nd7 14. Be7 Qe8 (14... Qb6 $5))) 6. cxd5 Nxg5 7. Nxg5 e6 8. Qd2 exd5 9.
Qe3+ Kf8 10. Qf4 Bf6 11. h4 Kg7 (11... h6 $1 12. Nxd5 $6 Bxg5 13. Qe5 Rh7 14.
hxg5 Nc6 15. Qe4 Bf5 16. Qf3 Nxd4 (16... Qxg5)) 12. O-O-O (12. e3 c6 13. Bd3 h6
14. Nf3 Be6 15. O-O-O Nd7 16. g4 Qb8 17. Rhg1 Be7 18. Qxb8 Raxb8 19. Ne2 Bd6
20. Nf4 Rbe8 21. Rg2 a6 22. Bc2 Nf6 23. Rdg1 Bc8 24. Nd3 Ne4 25. Nfe5 Bc7 26.
b4 a5 27. a3 Nd6 28. Nc5 Nc4 29. Nxc4 dxc4 30. Kb2 b6 31. Ne4 axb4 32. axb4 Be6
33. Ra1 Ra8 34. Rgg1 Rxa1 35. Rxa1 Bxg4 36. Ra7 Rc8 37. Nd2 b5 38. Be4 Bd8 39.
Nf3 Bf6 40. Ne5 Bxe5 41. dxe5 Rd8 {Wojtaszek,R (2744)-Radjabov,T (2734)
Beijing 2014 1/2-1/2 (66)}) (12. e4 $1 dxe4 13. O-O-O h6 14. Ngxe4 Be6 15. d5
Bf5 16. Nxf6 (16. Ng3 Bc8 17. Bc4 Nd7 18. d6 Ne5 19. dxc7 Qxc7 20. Qxf6+ Kxf6
21. Nd5+ Kg7 22. Nxc7 Bg4 23. Nxa8 Bxd1 24. Kxd1 Nxc4 25. Nc7 Rd8+ 26. Kc1 a6
27. b3 Nb6 28. Kb1 Rd2 29. Rf1 Kf8 30. Ne4 Re2 31. Nc5 Re7 32. Rc1 {1-0 (32)
Montero Martinez,C (2173)-Tapia Fuentes,J (2210) Santiago de Chile 2015}) 16...
Qxf6 17. g4 Bd7 18. Qg3 Re8 19. g5 Qe5 20. gxh6+ Kxh6 21. f4 Qe3+ 22. Qxe3 Rxe3
23. h5 Na6 24. hxg6+ Kxg6 25. Bd3+ Kf6 26. d6 Bc6 (26... Nb4 27. Ne4+ Kf5 28.
Rh5+ Kxf4 29. Rf1+ Rf3 30. Rh4+ Ke3 31. Re1+ Kd4 32. Nd2+ Kc5 33. Rc4+ {
1-0 (33) Lputian,S (2495)-Roos,D (2415) Athens 1983}) 27. Rh6+ Kg7 28. Rh7+ Kf6
29. Bc4 {1-0 (29) Taimanov,M-Liberzon,V Sukhumi 1972}) 12... Be6 $146 ({
Predecessor:} 12... h6 13. Nf3 Be6 14. e3 c5 15. e4 cxd4 16. Nxd4 Bxd4 17. Rxd4
Nc6 18. exd5 Nxd4 19. Qxd4+ f6 {0-1 (42), Khotenashvili,B (2464)-Atalik,E 
(2447) Plovdiv 2010}) 13. e4 c6 14. e5 Be7 15. g3 b5 16. Bh3 Bxg5 17. hxg5 Nd7
18. Bxe6 fxe6 19. Qg4 Qe7 20. f4 Nb6 21. Rh6 Nc4 22. Rdh1 a5 23. Qh3 Kg8 24.
Rxg6+ Kf7 25. Rf6+ Kg8 26. Rxe6 Qb4 27. Rg6+ Kf8 28. Qf5+ Ke8 29. Qe6+ Kd8 30.
Qf6+ Kc7 31. Rxh7+ Rxh7 32. Qxc6+ Kd8 33. Qxa8+ Ke7 34. Qb7+ Kf8 35. Qc8+ Ke7
36. Qc7+ Kf8 37. Qd8+ Kf7 38. Qg8+ Ke7 39. Qxh7+ 1-0

[Event "Wilkerson TNM: 2000+"]
[Site "San Francisco"]
[Date "2020.01.21"]
[Round "3.4"]
[White "Tsodikova, Natalya"]
[Black "Snyder, Larry"]
[Result "1-0"]
[WhiteElo "2204"]
[BlackElo "2061"]
[Annotator "Winslow,Elliott"]
[PlyCount "63"]
[EventDate "2020.01.07"]

1. e4 e5 2. Nf3 Nf6 3. Nc3 Bb4 4. Nd5 Nxd5 5. exd5 e4 6. Nd4 Qg5 7. Nb5 Qe5 8.
a3 Ba5 9. c4 a6 10. Nc3 Bxc3 11. dxc3 {[#] Not your typical pawn structure!}
O-O $6 (11... d6) 12. Be3 (12. Qd4 $1 $14) 12... d6 $11 13. Qd2 Nd7 14. Be2 f5
15. Bf4 Qf6 16. h4 a5 17. h5 b6 18. O-O-O Ne5 19. Rh3 Ba6 20. Bg5 Qf7 21. Qd4 (
21. h6 $1 {See Board 1 for a similar situation...}) 21... Rac8 (21... h6 $1 $11
) 22. b3 c5 23. dxc6 $16 Rxc6 24. a4 Bc8 25. Bf4 Re8 26. f3 exf3 27. Bxf3 Nxf3
28. gxf3 Qf6 {From bad to worse.} 29. Qxf6 gxf6 30. Rg3+ Kf7 31. Rdg1 Re2 32.
Rg7+ 1-0

[Event "Wilkerson TNM: 2000+"]
[Site "San Francisco"]
[Date "2020.01.21"]
[Round "3.5"]
[White "Lum, Michael K"]
[Black "Ivanov, Aleksandr Yu"]
[Result "1/2-1/2"]
[WhiteElo "1914"]
[BlackElo "2174"]
[PlyCount "52"]
[EventDate "2020.01.07"]

1. c4 Nf6 2. g3 g6 3. Bg2 Bg7 4. Nc3 O-O 5. d4 d6 6. e3 c5 7. Nge2 Nc6 8. O-O
e5 9. Rb1 cxd4 10. exd4 Bf5 11. Ra1 Rc8 12. h3 h5 13. dxe5 dxe5 14. Bg5 Qd3 15.
Qa4 Nd4 16. Nxd4 exd4 17. Rad1 dxc3 18. Rxd3 Bxd3 19. bxc3 Rxc4 20. Qxa7 Bxf1
21. Bxf1 Rxc3 22. Qxb7 Rfc8 23. a4 R3c7 24. Qf3 Rc3 25. Qb7 R3c7 26. Qf3 Rc3
1/2-1/2

[Event "Wilkerson TNM: 2000+"]
[Site "San Francisco"]
[Date "2020.01.21"]
[Round "3.6"]
[White "German, Felix"]
[Black "Panuganti, Kireet Venkata"]
[Result "1-0"]
[WhiteElo "1895"]
[BlackElo "2170"]
[Annotator "Winslow,Elliott"]
[PlyCount "131"]
[EventDate "2020.01.07"]

1. d4 Nf6 2. c4 e6 3. Nf3 Bb4+ 4. Bd2 a5 5. g3 O-O 6. Bg2 d6 7. O-O Bxd2 {[#]}
8. Nfxd2 $5 e5 9. dxe5 dxe5 10. Nc3 Qe7 11. Qc2 c6 12. Na4 Bg4 13. Ne4 Bf5 14.
Nxf6+ Qxf6 15. Qd2 Rd8 16. Qe3 Qd6 17. Qb6 Bc8 18. Nc5 Na6 19. Nxb7 Bxb7 20.
Qxb7 $18 Nb4 21. Qb6 Rdb8 22. Qe3 Nc2 23. Qc3 Nxa1 24. Rxa1 Rd8 25. e3 Qc5 26.
a3 Rab8 27. Rb1 a4 28. b4 axb3 29. Rxb3 g6 30. h4 Rd1+ 31. Bf1 Rxb3 32. Qxb3
Ra1 33. Qb4 Qa7 34. Qd6 Qxa3 35. Qb8+ Qf8 36. Qxe5 Qa8 37. h5 Ra5 38. c5 Qf8
39. hxg6 hxg6 40. Bc4 Rxc5 41. Qe4 Qg7 42. g4 Kh7 43. Qh1+ Qh6 44. Qf3 Qg7 45.
Bxf7 Rc1+ 46. Kg2 Qh6 47. Qf6 Qh1+ 48. Kg3 Rg1+ 49. Kf4 Qh2+ 50. Ke4 Rxg4+ 51.
f4 Qc2+ 52. Ke5 Qc3+ 53. Ke6 Qxe3+ 54. Kd7 c5 55. Be6 Qd3+ 56. Ke7 Rg1 57. Qh4+
Kg7 58. Qf6+ Kh7 59. Qf7+ Kh6 60. Qf8+ Kh7 61. Bg8+ Kh8 62. Bc4+ Kh7 63. Bxd3
Re1+ 64. Kd6 c4 65. Qf7+ Kh8 66. Bxg6 1-0

[Event "Wilkerson TNM: 2000+"]
[Site "San Francisco"]
[Date "2020.01.21"]
[Round "3.7"]
[White "Walder, Michael"]
[Black "Melville, Cailen J"]
[Result "1-0"]
[WhiteElo "2124"]
[BlackElo "1884"]
[Annotator "Winslow,Elliott"]
[PlyCount "45"]
[EventDate "2020.01.07"]

1. e4 e6 2. d4 d5 3. Nc3 dxe4 4. Nxe4 Nf6 5. Bd3 Nxe4 6. Bxe4 Nd7 7. Nf3 Nf6 8.
Bg5 Be7 9. Bd3 O-O 10. Qe2 Nd5 11. h4 f6 12. Bd2 Nb4 {[#]} 13. Bxh7+ $4 {
Mike has a deep fear of overlooking a brilliancy.} (13. Bxb4 Bxb4+ 14. c3 Bd6
15. O-O-O $16) 13... Kxh7 14. Ng5+ $2 Kg8 15. Qh5 fxg5 16. hxg5 Qxd4 $2 (16...
Qd5 $1 {and the king walks.}) 17. O-O-O $2 (17. g6 $1 Qe4+ 18. Kf1 Rxf2+ 19.
Kxf2 Qf5+ 20. Qxf5 exf5 21. Rae1 Bc5+ 22. Be3 Nxc2 23. Bxc5 Nxe1 24. Rxe1 {
(what a forced line!)} Bd7 25. Re7 Be8 26. Bd4 Kf8 27. Rxc7 Bxg6 28. Bxg7+ Kg8
29. a3 $16 (29. Bc3 $16) (29. Rxb7 $6 Bf7 30. Bd4 Bxa2 $14)) 17... Qe4 $2 {[#]}
(17... Qe5 $19) (17... Qc5 $19) 18. Bxb4 $1 $11 Bxb4 19. g6 Qf4+ 20. Kb1 Qh6
21. Qg4 Rf4 $4 {[#]} (21... Qf4 $1 22. Qh5 Qh6 $11) 22. Rd8+ (22. Rxh6 $1 Bd7
23. Rh8+ Kxh8 24. Qh3+ Kg8 25. Rxd7) 22... Bf8 (22... Rf8 23. Rxf8+ Kxf8 24.
Qxb4+ Ke8 25. Rxh6 {is mate soon enough}) 23. Rxh6 1-0

[Event "Wilkerson TNM: 2000+"]
[Site "San Francisco"]
[Date "2020.01.21"]
[Round "3.8"]
[White "Perlov, Alexander"]
[Black "Boldi, Ethan \[Kazanjian\]"]
[Result "0-1"]
[WhiteElo "1825"]
[BlackElo "2090"]
[PlyCount "54"]
[EventDate "2020.01.07"]

1. d4 d5 2. c4 e6 3. g3 Nf6 4. Bg2 c6 5. Nf3 Nbd7 6. O-O Bd6 7. Nfd2 O-O 8. Nc3
Bc7 9. e4 dxc4 10. Nxc4 b5 11. Ne3 Ba6 12. d5 b4 13. Ne2 Nc5 14. Qc2 Nfxe4 15.
dxe6 Bd3 16. e7 Qxe7 17. Qd1 Rad8 18. f3 Nf6 19. Re1 Rfe8 20. Bd2 Be5 21. Qc1
Bxe2 22. Rxe2 a5 23. Nc4 Bd4+ 24. Be3 Nd3 25. Qc2 Qc5 26. Qxd3 Bxe3+ 27. Qxe3
Qxc4 0-1

[Event "Wilkerson TNM: 2000+"]
[Site "San Francisco"]
[Date "2020.01.21"]
[Round "3.12"]
[White "Kuczek, Kevin W"]
[Black "Hakobyan, Sos"]
[Result "1-0"]
[WhiteElo "1982"]
[BlackElo "1818"]
[Annotator "Winslow,Elliott"]
[PlyCount "104"]
[EventDate "2020.01.07"]

1. e4 e6 2. d4 d5 3. exd5 exd5 4. c4 Bb4+ 5. Nc3 Ne7 6. Bd3 O-O 7. Nge2 Nbc6 8.
O-O Bxc3 9. bxc3 dxc4 10. Bxc4 Bf5 11. Ng3 Bg6 12. Ba3 Re8 13. Re1 Nf5 14. Qf3
Nxg3 15. Qxg3 Qd7 16. Qg5 Qf5 17. Qd2 Qa5 18. Bb2 Red8 19. d5 Qc5 20. Bb3 Na5
21. c4 Nxb3 22. axb3 Qb6 23. Qc3 f6 24. Re7 c5 25. Rae1 Bf7 26. Qg3 Re8 27. h4
Kf8 28. Qe3 Qd6 29. Rxe8+ Rxe8 30. Qd2 Rxe1+ 31. Qxe1 b6 32. Ba3 Qe7 33. Kf1
Bg6 34. Qxe7+ Kxe7 35. Ke2 Bc2 36. b4 Kd6 37. bxc5+ bxc5 38. Kd2 Bf5 39. Kc3 h5
40. f4 Bg4 41. Bc1 {[#]} f5 $4 42. Kd2 $1 {Black has placed himself in
Zugzwang!} g6 43. Ba3 a6 44. Ke1 a5 45. Kd2 a4 46. Ke1 g5 47. hxg5 h4 48. Kd2
$2 (48. g6 Bh5 49. g7 Bf7 50. Kd2 $18) 48... Bh5 49. Ke3 Bf7 50. Kd3 Bg6 51.
Ke3 Bf7 52. Kf2 Bh5 {The remaining moves unrecorded: White won.} 1-0

[Event "Wilkerson TNM: 2000+"]
[Site "San Francisco"]
[Date "2020.01.21"]
[Round "3.13"]
[White "Lehman, Clarence E"]
[Black "Busch, Jonah M"]
[Result "0-1"]
[WhiteElo "1907"]
[BlackElo "1944"]
[PlyCount "62"]
[EventDate "2020.01.07"]

1. e4 Nf6 2. e5 Nd5 3. c4 Nb6 4. c5 Nd5 5. Nc3 e6 6. d4 d6 7. cxd6 cxd6 8. Nf3
Nc6 9. Bc4 Nxc3 10. bxc3 dxe5 11. O-O exd4 12. cxd4 Be7 13. Be3 O-O 14. Qb1 Bf6
15. Rd1 Qc7 16. Bd3 h6 17. Qc2 Qe7 18. Be4 Bd7 19. Rab1 b6 20. Qd2 Rfd8 21.
Bxh6 gxh6 22. Qxh6 Bg7 23. Qh7+ Kf8 24. Ne5 Rac8 25. Ng4 Qg5 26. Rd3 Nxd4 27.
f3 Rc1+ 28. Rd1 Rxb1 29. Bxb1 Nf5 30. Bxf5 exf5 31. Nf2 Qh6 0-1

[Event "Wilkerson TNM: 2000+"]
[Site "San Francisco"]
[Date "2020.01.21"]
[Round "3.14"]
[White "Reichwein, Axel"]
[Black "Argo, Guy"]
[Result "0-1"]
[WhiteElo "1892"]
[BlackElo "1939"]
[Annotator "Winslow,Elliott"]
[PlyCount "42"]
[EventDate "2020.01.07"]

1. e4 d6 2. d4 Nf6 3. Nc3 Nbd7 4. f4 e5 5. Nf3 exd4 6. Qxd4 c6 7. h3 $6 d5 $1
8. exd5 $2 Bc5 9. Qd3 O-O 10. Be2 Nxd5 (10... Qb6 $1) 11. Nxd5 cxd5 12. Qxd5
Qb6 (12... Qc7 $5) 13. Qb3 Bf2+ $2 14. Kf1 Bg3 15. Qxb6 (15. Nd4 $1 Qxd4 16.
Qxg3) 15... Nxb6 16. Nd4 (16. Be3) 16... Be6 17. f5 Bd5 18. Bf3 $6 Rfe8 (18...
Rad8 19. c3 Rfe8) 19. Bd2 Nc4 20. Be1 Bxe1 21. Rxe1 Bxf3 {Here White must have
had a bit of a hallucination -- and resigned!} ({He's hardly worse at all after
} 21... Bxf3 22. Nxf3 Rxe1+ 23. Kxe1 Nxb2 24. g4) 0-1

[Event "Wilkerson TNM: U2000"]
[Site "San Francisco"]
[Date "2020.01.21"]
[Round "3.9"]
[White "Ricard, Bruce"]
[Black "Babayan, Gagik"]
[Result "1-0"]
[WhiteElo "1849"]
[BlackElo "1784"]
[PlyCount "79"]
[EventDate "2020.01.07"]

1. d4 Nf6 2. c4 g6 3. Nc3 Bg7 4. e4 d6 5. Nf3 O-O 6. Be2 c5 7. d5 e6 8. dxe6
fxe6 9. O-O a6 10. Bg5 Nc6 11. Qd2 Qc7 12. Bh6 e5 13. Be3 Bg4 14. Ng5 Bxe2 15.
Qxe2 Qd7 16. Rad1 h6 17. Nf3 Nd4 18. Bxd4 cxd4 19. Nd5 Nxd5 20. exd5 Qg4 21.
Nxd4 Qf4 22. Ne6 Qf5 23. Nxf8 Rxf8 24. b4 Qc8 25. Rc1 b6 26. Qc2 Rf6 27. c5
dxc5 28. bxc5 bxc5 29. Qxc5 Qf5 30. d6 Rf8 31. Qd5+ Kh7 32. d7 Rd8 33. Rfd1 h5
34. Rc3 h4 35. Rf3 Qg4 36. h3 Qb4 37. Rf7 Qb2 38. Re7 g5 39. Re8 Qb8 40. Qg8+
1-0

[Event "Wilkerson TNM: U2000"]
[Site "San Francisco"]
[Date "2020.01.21"]
[Round "3.15"]
[White "Baer, Michael A"]
[Black "Breedt, Rudolph Frans"]
[Result "0-1"]
[WhiteElo "1441"]
[BlackElo "1882"]
[PlyCount "80"]
[EventDate "2020.01.07"]

1. d4 Nf6 2. Nc3 g6 3. e4 d6 4. Bf4 Bg7 5. Qd2 Nc6 6. O-O-O O-O 7. Nf3 Bg4 8.
h4 h5 9. Qe3 Re8 10. Be2 e6 11. Bg5 Qd7 12. e5 Nd5 13. Qd2 Nce7 14. Bb5 c6 15.
Bc4 Bxf3 16. gxf3 dxe5 17. dxe5 Bxe5 18. Ne4 Qc7 19. Kb1 Qb6 20. Bb3 a5 21. c3
f6 22. Be3 Qc7 23. Rhg1 a4 24. Bc2 a3 25. b3 f5 26. c4 Nxe3 27. Qxe3 fxe4 28.
Bxe4 Bf4 29. Qc3 Kf7 30. Qc2 Nf5 31. Bxf5 exf5 32. Rd4 Re7 33. c5 Qe5 34. Qc4+
Kg7 35. Rgd1 Rd8 36. Kc2 Rxd4 37. Rxd4 Bh6 38. f4 Qe1 39. Rd2 Kh7 40. Qd4 Qe4+
0-1

[Event "Wilkerson TNM: U2000"]
[Site "San Francisco"]
[Date "2020.01.21"]
[Round "3.16"]
[White "Madhavan, Srikrishnan"]
[Black "Abraham, Renjish"]
[Result "1/2-1/2"]
[WhiteElo "1720"]
[BlackElo "1861"]
[Annotator "Winslow,Elliott"]
[PlyCount "80"]
[EventDate "2020.01.07"]

1. d4 d5 2. Nf3 Nf6 3. e3 e6 4. Bd3 Be7 5. O-O O-O 6. Nbd2 c5 7. c3 Nc6 8. Re1
a6 9. h3 b5 10. e4 dxe4 11. Nxe4 cxd4 12. Qc2 g6 13. Bh6 Re8 14. Rad1 Qb6 15.
Nfg5 Bb7 16. Nxf7 Nxe4 17. Rxe4 Nb4 18. cxb4 Bxe4 19. Bxe4 Rac8 20. Qd2 Kxf7
21. Qf4+ Bf6 22. g4 Ke7 23. Re1 Rcd8 24. Qf3 Rd6 25. Bf4 e5 26. Bc2 Kd7 27. Bg3
Qc6 28. Qb3 Qc4 29. Qxc4 bxc4 30. Ba4+ Kd8 31. Bxe8 Kxe8 32. Bxe5 Bxe5 33.
Rxe5+ Kd7 34. Kf1 Kc6 35. Ke1 Rd5 36. Rxd5 Kxd5 {[#]} 37. a4 $2 (37. h4 $1) ({
and} 37. g5 $1 {are both winning. White sets up a faster queening situation on
the kingside, even if it costs a pawn, should Black's king head off to the
queenside -- but if it doesn't, of course there is a threat of a passed pawn
over there as well.}) 37... g5 $1 $11 {Thus holding White back for a critical
move. Now a pawn sacrifice for a passed pawn gives an advanced one to Black as
well. And this is the only way to draw.} 38. Kd2 h6 39. Kc2 Kc6 40. Kd2 Kb6 {
Standoff.} (40... Kb6 41. f4 $4 gxf4 {just hands a win to Black.}) 1/2-1/2

[Event "Wilkerson TNM: U2000"]
[Site "San Francisco"]
[Date "2020.01.21"]
[Round "3.17"]
[White "Mercado, Adam"]
[Black "Malykin, Erika"]
[Result "1-0"]
[WhiteElo "1789"]
[BlackElo "1675"]
[PlyCount "45"]
[EventDate "2020.01.07"]

1. e4 c5 2. Nf3 d6 3. d4 cxd4 4. Nxd4 Nc6 5. Nc3 Nf6 6. Be2 g6 7. Be3 Bg7 8. f3
Bd7 9. Qd2 b6 10. g4 Nxd4 11. Bxd4 O-O 12. h4 h5 13. Bxf6 Bxf6 14. gxh5 d5 15.
Nxd5 Bxh4+ 16. Rxh4 e6 17. Rh2 exd5 18. hxg6 Qf6 19. g7 Rfc8 20. Bd3 dxe4 21.
Bxe4 Bc6 22. O-O-O Rd8 23. Rg1 1-0

[Event "Wilkerson TNM: U2000"]
[Site "San Francisco"]
[Date "2020.01.21"]
[Round "3.18"]
[White "Acosta, Anthony"]
[Black "Latourette, Nicholas James"]
[Result "0-1"]
[WhiteElo "1762"]
[BlackElo "1623"]
[PlyCount "80"]
[EventDate "2020.01.07"]

1. e4 e5 2. Nf3 Nc6 3. Nc3 Nf6 4. Bc4 Bc5 5. a3 d6 6. d3 h6 7. Na4 Bb6 8. Nxb6
axb6 9. h3 O-O 10. O-O Na7 11. Nh4 d5 12. exd5 Nxd5 13. Qh5 Nc6 14. Nf3 Nf4 15.
Bxf4 exf4 16. Rfe1 Ra5 17. Ne5 Qf6 18. d4 Nxd4 19. Bxf7+ Rxf7 20. Qxf7+ Qxf7
21. Nxf7 Kxf7 22. Re4 Ne6 23. Rae1 Rd5 24. c3 b5 25. f3 g5 26. a4 bxa4 27. Rxa4
Bd7 28. Rae4 b5 29. c4 Rd2 30. b4 c6 31. cxb5 cxb5 32. Ra1 Kf6 33. Ra6 Kf7 34.
Rb6 h5 35. Kf1 Rd5 36. Kf2 g4 37. hxg4 hxg4 38. Re2 g3+ 39. Ke1 Nd4 40. Rd2
Nxf3+ 0-1

[Event "Wilkerson TNM: U2000"]
[Site "San Francisco"]
[Date "2020.01.21"]
[Round "3.19"]
[White "Yamamoto, Craig"]
[Black "Boldi, Nicholas Armen"]
[Result "0-1"]
[WhiteElo "1500"]
[BlackElo "1754"]
[PlyCount "110"]
[EventDate "2020.01.07"]

1. e4 e6 2. d4 d5 3. exd5 exd5 4. Bd3 Nf6 5. h3 c5 6. dxc5 Bxc5 7. Nc3 h6 8.
Nf3 O-O 9. O-O Nc6 10. a3 Be6 11. b4 Bd6 12. Bb2 a6 13. Ne2 Nd7 14. Ned4 Nce5
15. Be2 Nxf3+ 16. Nxf3 Qc7 17. Bd3 Nb6 18. Bc1 Rad8 19. b5 axb5 20. Bxb5 Nc4
21. Qd3 Ne5 22. Nxe5 Bxe5 23. Rb1 Rc8 24. Bb2 Bxb2 25. Rxb2 Qe5 26. Rfb1 Rc3
27. Qe2 Qg5 28. Kh2 Rxa3 29. Bd3 Bc8 30. Qf3 Qe5+ 31. Kh1 Ra5 32. Rb5 Rxb5 33.
Rxb5 Rd8 34. Qe2 Qxe2 35. Bxe2 d4 36. Bd3 Rd6 37. Be4 b6 38. Bd3 Kf8 39. Kh2
Ke7 40. Be4 g6 41. f3 Bd7 42. Rb4 Kf6 43. Bd3 Ke5 44. Kg3 Kd5 45. Be4+ Kc5 46.
Rb3 b5 47. Bd3 b4 48. Rb1 Bb5 49. Kf2 Bxd3 50. cxd3 Re6 51. Rb2 Kb5 52. g3 Ka4
53. Rc2 b3 54. Rc4+ Ka3 55. Rxd4 b2 0-1

[Event "Wilkerson TNM: U2000"]
[Site "San Francisco"]
[Date "2020.01.21"]
[Round "3.20"]
[White "Xu, Jayden"]
[Black "Cortinas, Martin A"]
[Result "1-0"]
[WhiteElo "1712"]
[BlackElo "1662"]
[PlyCount "27"]
[EventDate "2020.01.07"]

1. d4 Nf6 2. c4 e6 3. Nf3 d5 4. Nc3 Bb4 5. Bg5 h6 6. Bh4 dxc4 7. e3 b5 8. a4 c6
9. Qc2 Bb7 10. axb5 cxb5 11. b3 Bd5 12. bxc4 Bxc4 13. Bxc4 bxc4 14. Qa4+ 1-0